Statistics for 100 Most Followed on Twitter 2016

Click here to take the quiz!

General Stats

  • This quiz has been taken 52 times
  • The average score is 27 of 100

Answer Stats

#FollowersAnswer% Correct
479,835,732Barack Obama
91%
8515,950,531Donald Trump
82%
289,887,185Justin Bieber
82%
194,303,490Katy Perry
82%
9714,636,842Beyoncē Knowles
73%
1149,208,216Kim Kardashian West
73%
382,003,276Taylor Swift
71%
5322,574,466Khloe Kardashian
67%
764,496,148Lady GaGa
64%
4026,503,696Kanye West
62%
5621,451,907Kourtney Kardashian
62%
567,821,882Rihanna
62%
1445,994,953Selena Gomez
56%
6320,373,117Kendall Jenner
53%
6818,814,450Kylie Jenner
53%
1742,816,857Ariana Grande
51%
1348,298,956Cristiano Ronaldo
47%
1057,231,624Justin Timberlake
47%
2831,169,974Miley Cyrus
47%
1249,029,425Britney Spears
42%
6020,661,705Nicki Minaj
42%
2334,262,882Drake
40%
3727,342,369Adele
38%
2039,765,668Demi Lovato
38%
957,526,449Twitter
38%
863,570,856Ellen DeGeneres
36%
2138,180,969Jennifer Lopez
36%
2433,605,414LeBron James
36%
1841,419,391Shakira
36%
7816,584,642Ed Sheeran
33%
5920,817,927Eminem
31%
1643,622,099Jimmy Fallon
31%
6918,281,355Chris Brown
29%
3129,738,221CNN
29%
1543,941,417CNN Breaking News
29%
3229,522,479Harry Styles
29%
7416,867,430Mariah Carey
29%
9514,914,033Snoop Dogg
29%
3827,055,782Bruno Mars
27%
1940,252,782Instagram
27%
7616,653,218Leonardo DiCaprio
27%
5023,462,549Louis Tomlinson
27%
6420,320,849Zayn Malik
27%
8416,032,049Agnez Mo
24%
3927,034,199BBC Breaking News
24%
7516,711,609BBC News (World)
24%
2532,035,762Bill Gates
24%
4126,259,837Neymar
24%
2234,889,260Oprah Winfrey
24%
3328,608,190P!nk
24%
8016,211,532Christina Aguilera
22%
5522,153,680Conan O'Brien
22%
5123,321,948Emma Watson
22%
3627,821,209Niall Horan
22%
7018,041,735Coldplay
20%
7916,408,387Google
20%
2731,273,773Kevin Hart
18%
4923,488,087Liam Payne
18%
3428,362,694Lil Wayne
18%
2631,747,194The New York Times
18%
3528,158,286Wiz Khalifa
18%
4624,304,322Alicia Keys
16%
6718,983,251FC Barcelona
16%
4723,699,110NBA
16%
5721,147,631Real Madrid C. F.
16%
6120,448,816Avril Lavigne
13%
5820,821,551David Guetta
13%
3030,075,046ESPN
13%
9015,164,674Kevin Durant
13%
5222,971,542Pitbull
13%
8316,052,636Ricky Martin
13%
2930,462,214SportsCenter
13%
665,116,311YouTube
13%
7117,585,383Ashton Kutcher
11%
9115,126,292Ryan Seacrest
11%
4425,333,590Daniel Tosh
9%
4226,081,638Kaka
9%
6520,092,174NASA
9%
4325,760,550Neil Patrick Harris
9%
7317,015,494Vine
9%
6619,066,601Aamir Khan
7%
6220,401,519Salman Khan
7%
5422,227,722Shah Rukh Khan
7%
9215,108,850Ivete Sangalo
4%
4524,840,177Narendra Modi
4%
10014,494,444PMO India
4%
8715,626,887Priyanka Chopra
4%
7217,252,351The Economist
4%
9414,964,746Alejandro Sanz
2%
8815,489,276Reuters Top News
2%
8216,073,023Ahmad Al Shugairi
0%
9315,108,826Akshay Kumar
0%
4823,559,623Amitabh Bachchan
0%
9814,622,808Arab Urgent News
0%
7716,608,020Deepika Padukone
0%
8915,411,134Hrithik Roshan
0%
8116,114,296Muhammad Al-Arifi
0%
9914,559,821Raditya Dika
0%
8615,686,793Twitter En Español
0%
9614,866,553Twitter Sports
0%

Score Distribution

Percentile by Number Answered

Percent of People with Each Score

Your Score History

You have not taken this quiz